Jean-Paul Roux, Gengis Khan et l’Empire mongol, Gallimard, coll. Découverte, 2002, 144 pages (notice n° 1618869)
[ vue normale ]
| 000 -LEADER | |
|---|---|
| fixed length control field | 00821cam a2200157 4500500 |
| 005 - DATE AND TIME OF LATEST TRANSACTION | |
| control field | 20260111090416.0 |
| 041 ## - LANGUAGE CODE | |
| Language code of text/sound track or separate title | fre |
| 042 ## - AUTHENTICATION CODE | |
| Authentication code | dc |
| 100 10 - MAIN ENTRY--PERSONAL NAME | |
| Personal name | Vallin, Pierre |
| Relator term | author |
| 245 00 - TITLE STATEMENT | |
| Title | Jean-Paul Roux, Gengis Khan et l’Empire mongol, Gallimard, coll. Découverte, 2002, 144 pages |
| 260 ## - PUBLICATION, DISTRIBUTION, ETC. | |
| Date of publication, distribution, etc. | 2003.<br/> |
| 500 ## - GENERAL NOTE | |
| General note | 91 |
| 520 ## - SUMMARY, ETC. | |
| Summary, etc. | RésuméPour avoir désobéi à l’ordre du roi d’adorer une immense statue d’or, trois hommes sont jetés dans une fournaise. Mais les voici qui marchent en chantant la louange de leur Dieu, car son ange est là, qui souffle dans la violence des flammes comme une fraîcheur de brise et de rosée... |
| 786 0# - DATA SOURCE ENTRY | |
| Note | Études | 398 | 1 | 2003-01-01 | p. 123h-143h | 0014-1941 |
| 856 41 - ELECTRONIC LOCATION AND ACCESS | |
| Uniform Resource Identifier | <a href="https://shs.cairn.info/revue-etudes-2003-1-page-123h?lang=fr&redirect-ssocas=7080">https://shs.cairn.info/revue-etudes-2003-1-page-123h?lang=fr&redirect-ssocas=7080</a> |
Pas d'exemplaire disponible.




Réseaux sociaux